[Event "1. OEsterreichische Internet Schach Meisterschaft - Vorrunde 3"]
[Site "Online - Playchess.com"]
[Date ""]
[Round "9"]
[Board "86"]
[White "Kwech, Gregor"]
[Black "Tischler, Michel"]
[Result "0-1"]
[WhiteElo "1064"]
[BlackElo "1517"]
[PlyCount "122"]
[EventDate "2020.04.17"]
[EventRounds "9"]
[EventCountry "AUT"]

1. c4 c5 2. Nc3 Nc6 3. g3 g6 4. Bg2 Bg7 5. a3 Nf6 6. Rb1 a5 7. Nf3 d6 8. d3 O-O 9.
O-O Bd7 10. Bg5 h6 11. Bxf6 Bxf6 12. Rc1 Qc8 13. Re1 Bg7 14. e3 Re8 15. d4 Bg4 16.
d5 Ne5 17. Ne4 Nxf3+ 18. Bxf3 Bxf3 19. Qxf3 Bxb2 20. Rc2 Bxa3 21. Ra2 Bb4 22. Qf4
Kh7 23. Rb1 Qf5 24. Qh4 g5 25. Nxg5+ Qxg5 26. Qe4+ Qg6 27. Qf4 Qxb1+ 28. Kg2 Qg6
29. Rb2 a4 30. Ra2 Reb8 31. h4 b5 32. cxb5 Rxb5 33. e4 Qf6 34. Qe3 Rb7 35. f4 Qd4
36. Qf3 Rg8 37. Kh3 Qc3 38. Qf2 Qe1 39. Qf3 Rg7 40. Re2 Qc3 41. Re3 Qd4 42. Rd3 Qg1
43. Rd1 Rxg3+ 44. Qxg3 Qxg3+ 45. Kxg3 a3 46. Ra1 c4 47. Kf3 c3 48. Ke2 Ra7 49. Kd3
a2 50. Kc2 Kg6 51. h5+ Kxh5 52. Kb3 Bc5 53. Kxc3 Kg4 54. Kd3 Kxf4 55. Rf1+ Kg5 56.
Rg1+ Bxg1 57. Ke2 a1=Q 58. Kf3 Qc3+ 59. Kg2 Ra2+ 60. Kh1 Qh3+ 61. Kxg1 Qg2#  0-1

[Event "1. OEsterreichische Internet Schach Meisterschaft - Vorrunde 3"]
[Site "Online - Playchess.com"]
[Date ""]
[Round "9"]
[Board "87"]
[White "Haemmerle, Dietmar"]
[Black "Lammer, Michael"]
[Result "0-1"]
[WhiteElo "1762"]
[BlackElo "1501"]
[PlyCount "86"]
[EventDate "2020.04.17"]
[EventRounds "9"]
[EventCountry "AUT"]

1. e4 b6 2. Nf3 Bb7 3. Nc3 g6 4. Bc4 Bg7 5. d4 e6 6. O-O Ne7 7. Be3 O-O 8. Qd2 d6
9. Rad1 Nd7 10. Bh6 Kh8 11. Bxg7+ Kxg7 12. Rfe1 Ng8 13. h3 Ndf6 14. d5 e5 15. Nh2
Nh5 16. g3 f5 17. exf5 Rxf5 18. g4 Rg5 19. Ne4 Nf4 20. Nxg5 Qxg5 21. Re3 Nf6 22.
Rg3 Ne4 23. Qe3 Nxg3 24. fxg3 Nxh3+ 25. Kg2 Qxe3 26. Kxh3 Rf8 27. Rd3 Qh6+ 28. Kg2
Qc1 29. Bb3 e4 30. Rc3 Qd2+ 31. Kh3 Rf2 32. Rxc7+ Kg8 33. g5 Rxh2+ 34. Kg4 h5+ 35.
gxh6 Qxh6 36. Rxb7 Qh5+ 37. Kf4 Rf2+ 38. Ke3 Qe2+ 39. Kd4 Qd2+ 40. Kc4 Qe2+ 41. Kb4
a5+ 42. Ka3 Qb5 43. Ra7 Qb4#  0-1

[Event "1. OEsterreichische Internet Schach Meisterschaft - Vorrunde 3"]
[Site "Online - Playchess.com"]
[Date ""]
[Round "9"]
[Board "89"]
[White "Galler, Alexander"]
[Black "Mittelbach, Eduard"]
[Result "1-0"]
[WhiteElo "1772"]
[BlackElo "1667"]
[PlyCount "53"]
[EventDate "2020.04.17"]
[EventRounds "9"]
[EventCountry "AUT"]

1. e4 d5 2. exd5 Nf6 3. d4 Nxd5 4. Nc3 Nxc3 5. bxc3 c5 6. Ba3 cxd4 7. Qd3 Nc6 8.
Nf3 g6 9. cxd4 Bf5 10. Qb5 Qa5+ 11. Qxa5 Nxa5 12. c4 Bg7 13. Be2 O-O-O 14. Rd1 Rhe8
15. O-O e5 16. d5 e4 17. Nd4 Bxd4 18. Rxd4 Nc6 19. Rdd1 Ne5 20. h3 Rd7 21. c5 Kb8
22. Bb5 Red8 23. Bxd7 Rxd7 24. c6 bxc6 25. dxc6 Rc7 26. Bd6 Nxc6 27. Bxc7+  1-0

[Event "1. OEsterreichische Internet Schach Meisterschaft - Vorrunde 3"]
[Site "Online - Playchess.com"]
[Date ""]
[Round "9"]
[Board "90"]
[White "Egger, Stefanie"]
[Black "Staudacher, Karl-Heinz"]
[Result "1-0"]
[WhiteElo "1442"]
[BlackElo "1734"]
[PlyCount "37"]
[EventDate "2020.04.17"]
[EventRounds "9"]
[EventCountry "AUT"]

1. d4 Nf6 2. c4 c5 3. Nc3 g6 4. e3 Bg7 5. Nf3 cxd4 6. exd4 O-O 7. Be2 d6 8. O-O Nc6
9. a3 a6 10. b4 Bf5 11. Bd3 Bxd3 12. Qxd3 e6 13. Bb2 Qc7 14. Ne4 Rad8 15. Rac1 Qd7
16. d5 Nxe4 17. Bxg7 exd5 18. Bxf8 Rxf8 19. cxd5  1-0

[Event "1. OEsterreichische Internet Schach Meisterschaft - Vorrunde 3"]
[Site "Online - Playchess.com"]
[Date ""]
[Round "9"]
[Board "91"]
[White "Jeitler, Selina"]
[Black "Hofer, Martin"]
[Result "1-0"]
[WhiteElo "1201"]
[BlackElo "1603"]
[PlyCount "39"]
[EventDate "2020.04.17"]
[EventRounds "9"]
[EventCountry "AUT"]

1. e4 d5 2. d4 dxe4 3. Nc3 Nf6 4. f3 Nc6 5. d5 Ne5 6. fxe4 Bg4 7. Be2 Bxe2 8. Ngxe2
Qd6 9. Ng3 O-O-O 10. Bf4 Nd3+ 11. Qxd3 Qxf4 12. Rf1 Qe5 13. O-O-O e6 14. Qb5 exd5
15. exd5 Bd6 16. Qa4 a6 17. Rf5 Qe3+ 18. Kb1 Bxg3 19. hxg3 Qf3 20. gxf3  1-0

[Event "1. OEsterreichische Internet Schach Meisterschaft - Vorrunde 3"]
[Site "Online - Playchess.com"]
[Date ""]
[Round "9"]
[Board "93"]
[White "Moerwald, Miriam"]
[Black "Kaltenbeck, Dieter"]
[Result "1-0"]
[WhiteElo "1760"]
[BlackElo "1314"]
[PlyCount "31"]
[EventDate "2020.04.17"]
[EventRounds "9"]
[EventCountry "AUT"]

1. e4 c6 2. Nc3 d5 3. Nf3 Nd7 4. exd5 cxd5 5. Nxd5 Ndf6 6. Nc3 Bg4 7. h3 Bh5 8.
Bc4 e6 9. g4 Bg6 10. d3 Qc7 11. Be3 O-O-O 12. Bxa7 b6 13. Ba6+ Kd7 14. Nb5 Qc6 15.
Ne5+ Ke7 16. Nxc6+  1-0

[Event "1. OEsterreichische Internet Schach Meisterschaft - Vorrunde 3"]
[Site "Online - Playchess.com"]
[Date ""]
[Round "9"]
[Board "94"]
[White "Gaspar, Zdravko"]
[Black "Kellner, Nikolaus"]
[Result "0-1"]
[WhiteElo "1618"]
[BlackElo "1685"]
[PlyCount "56"]
[EventDate "2020.04.17"]
[EventRounds "9"]
[EventCountry "AUT"]

1. d4 f5 2. g3 Nf6 3. Bg2 d5 4. Nf3 Ne4 5. O-O e6 6. Nbd2 Bd6 7. c4 c6 8. cxd5 exd5
9. Nb3 Be6 10. Bd2 Na6 11. Rc1 Qe7 12. Bc3 O-O-O 13. Nfd2 Kb8 14. a3 g5 15. f3 Nxd2
16. Qxd2 h5 17. e4 f4 18. e5 Bc7 19. Ba5 fxg3 20. hxg3 h4 21. Bxc7+ Nxc7 22. Nc5
hxg3 23. Nxe6 Nxe6 24. Qb4 Qh7 25. Rfd1 Qh2+ 26. Kf1 Nf4 27. Rd2 Nxg2 28. Rxg2 Qh1+
 0-1

[Event "1. OEsterreichische Internet Schach Meisterschaft - Vorrunde 3"]
[Site "Online - Playchess.com"]
[Date ""]
[Round "9"]
[Board "95"]
[White "Tolstykh, Makarius"]
[Black "Ticar, Clemens"]
[Result "1-0"]
[WhiteElo "1061"]
[BlackElo "1753"]
[PlyCount "94"]
[EventDate "2020.04.17"]
[EventRounds "9"]
[EventCountry "AUT"]

1. c4 g6 2. Nc3 Bg7 3. g3 Nf6 4. Bg2 O-O 5. e3 d6 6. Nge2 c6 7. O-O e5 8. d4 exd4
9. exd4 Bg4 10. d5 c5 11. b3 Re8 12. Bf4 Na6 13. h3 Bxe2 14. Nxe2 Nh5 15. Re1 Nxf4
16. Nxf4 Rxe1+ 17. Qxe1 Bxa1 18. Qxa1 Qe7 19. Qb2 Re8 20. Kh2 Nb4 21. a3 Na6 22.
b4 g5 23. Nd3 Qe2 24. Qxe2 Rxe2 25. bxc5 dxc5 26. d6 Rd2 27. Be4 Nb8 28. Nxc5 Rxd6
29. Nxb7 Rb6 30. c5 Rb2 31. c6 Nxc6 32. Bxc6 Rxf2+ 33. Kg1 Ra2 34. a4 Kf8 35. Nc5
Ke7 36. Ne4 Ke6 37. Nxg5+ Ke5 38. Nxf7+ Kd4 39. Ng5 Ke3 40. h4 Ra1+ 41. Kh2 Kf2 42.
Kh3 Rg1 43. Ne4+ Ke3 44. Nf6 Kf2 45. Ne4+ Ke3 46. Nc3 Rd1 47. Nxd1+ Kd2  1-0